000
00224nam a22000857a 4500
008
170624b xxu||||| |||| 00| 0 eng d
100
_9
3656
_a
Jain. G
245
_a
Nobel prize in winners in Medicine
260
_a
New Delhi
_b
Tep
_c
2009
999
_c
7060
_d
7060